LEADER 00750naa a2200145 i 4500 001 000000300790 003 CaOOAMICUS 005 20180831172709.0 008 180831n xx u000 u und u 013 $a8512 040 $aSeMil$bita 100 1 $aRaurell, Frederic.$0(OLS)http://semarc/name/16066 245 10$aLinee tematiche :$balla ricerca di un approccio molteplice alle fo ma : Collegio s. Lorenzo da Brindisi, 1988. (Dimensioni spiritual. 773 0 $tMetodi di lettura delle fonti francescane.$dRoma : Ed. Collegio San Lorenzo da Brindisi, 1988.$kDimensioni spirituali$w()34879 996 $6245$aLinee tematiche :$balla ricerca di un approccio molteplice alle fo ma : Collegio s. Lorenzo da Brindisi, 1988. (Dimensioni spiritual$9(OLS)http://semarc/title/376805 LEADER 00664naa a2200157 i 4500 001 000000301662 003 CaOOAMICUS 005 20180831172726.0 008 180831n xx u000 u und u 013 $a9396 040 $aSeMil$bita 100 1 $aDe Paolis, Velasio,$c.$0(OLS)http://semarc/name/89236 245 13$aIl sacramento della penitenza ; Il sacramento dell'unzione degli hitano ; 8.). 650 4$aPenitenza.$0(OLS)http://semarc/subject/4486 773 0 $tSacramenti della chiesa.$kCodice del Vaticano 2.$z881040856X$w()40282 996 $6245$aIl sacramento della penitenza ; Il sacramento dell'unzione degli hitano ; 8.).$9(OLS)http://semarc/title/377656